Snatch Game Doubles Quiz Stats

 Plays Quiz not verified by Sporcle

Score 0/35 Timer 07:00
0 Plays Today
Celebrity Queen % Correct
CherChad Michaels
95.2%
Alyssa EdwardsViolet Chachki
94.7%
Britney SpearsTatianna
92.3%
RuPaulTrixie Mattel
90.2%
Britney SpearsDerrick Barry
90%
CharoShuga Cain
89.2%
Carol ChanningBob the Drag Queen
88.9%
Maya (Mya) AngelouMonét X Change
87.4%
Carol ChanningPandora Boxx
86.6%
Alyssa EdwardsAja
86.5%
Lady GagaPhi Phi Ohara
86.5%
Maya (Mya) AngelouChi Chi DeVayne
86.2%
BeyonceAsia O'Hara
85.4%
Joan CrawfordAlyssa Edwards
84.9%
Whitney HoustonMonét X Change
84.5%
BeyonceKenya Michaels
83.9%
Eartha KittChi Chi Devayne
82.7%
BeyonceTyra Sanchez
82.4%
Celebrity Queen % Correct
Nancy GraceDetox
80.1%
Eartha KittValentina
77.3%
Nancy GraceAcid Betty
76.9%
Wendy WilliamsNaomi Smalls
76.4%
CherDelta Work
75.8%
CharoYara Sofia
75.7%
RuPaulJessica Wild
74.3%
Fran DrescherCourtney Act
72.7%
Tammy Faye Messner/BakkerGinger Minj
71.3%
Tiffany HaddishMonique Heart
67.6%
Tiffany HaddishA'Keria C. Davenport
67.6%
Joan CrawfordMariah
65.9%
Wendy WilliamsDida Ritz
64.5%
Lady GagaSonique
64.1%
Fran DrescherJujubee
58%
Whitney HoustonSahara Davenport
56.4%
Tammy Faye Messner/BakkerTammie Brown
54.6%

You're not logged in!

Compare scores with friends on all Sporcle quizzes.
OR
Log In

Show Comments

Extras

Top Quizzes Today


Score Distribution

Your Account Isn't Verified!

In order to create a playlist on Sporcle, you need to verify the email address you used during registration. Go to your Sporcle Settings to finish the process.

Report this User

Report this user for behavior that violates our Community Guidelines.

Details: